000 00438cam a2200169ua 4500
001 5893
008 131026n ii |||gr||||Z||||||asm
040 _cMAIN
082 _a954
245 1 1 _aBharat Buranji
_cBy Anil Chandra Benarjee
260 _aDibrugarh:
_bPathyaputhi Prastuti Sammanoy Samiti,
_c1974.
300 _ax,386p.
653 _aHistory
653 _aBharat Buranji
700 1 _aBanerjee,Anil Chandra,
_eAuthor.
942 _cBK
999 _c5047
_d5047